Selling without selling (Record no. 169531)
[ view plain ]
| 000 -LEADER | |
|---|---|
| fixed length control field | 01229nam a22003254a 4500 |
| 082 04 - DEWEY DECIMAL CLASSIFICATION NUMBER | |
| Classification number | 658.85 |
| 100 1# - MAIN ENTRY--AUTHOR NAME | |
| Personal name | Super, Carol. |
| 245 10 - TITLE STATEMENT | |
| Title | Selling without selling |
| 250 ## - EDITION STATEMENT | |
| Edition statement | 1st ed. |
| 260 ## - PUBLICATION, DISTRIBUTION, ETC. (IMPRINT) | |
| Place of publication | New York : |
| Name of publisher | AMACOM, American Management Association, |
| Year of publication | c2004. |
| 300 ## - PHYSICAL DESCRIPTION | |
| Number of Pages | xiv, 177 p. : |
| Other physical details | ill. |
| 500 ## - GENERAL NOTE | |
| General note | Includes index. |
| 505 0# - FORMATTED CONTENTS NOTE | |
| Formatted contents note | Attitude -- Rapport -- Steps 3 through 4 1/2: the process. |
| 650 #0 - SUBJECT ADDED ENTRY--TOPICAL TERM | |
| Topical Term | Selling. |
| 700 1# - ADDED ENTRY--PERSONAL NAME | |
| Personal name | Gold, Ronald D. |
| 856 40 - ELECTRONIC LOCATION AND ACCESS | |
| Uniform Resource Identifier | http://site.ebrary.com/lib/rucke/Doc?id=10052845 |
No items available.
